Normal view
MARC view
- Hares, W.P.
Entry Personal Name
001 - CONTROL NUMBER
- control field: 14755
003 - CONTROL NUMBER IDENTIFIER
- control field: NUST
005 - DATE AND TIME OF LATEST TRANSACTION
- control field: 20190612082857.0
008 - FIXED-LENGTH DATA ELEMENTS
- fixed length control field: 190612|| aca||aabn | a|a d
040 ## - CATALOGING SOURCE
- Original cataloging agency: NUST
- Transcribing agency: NUST
100 ## - HEADING--PERSONAL NAME
- Personal name: Hares, W.P.
670 ## - SOURCE DATA FOUND
- Source citation: Work cat.: (NUST): Hares, W.P., An English-Punjabi Dictionary / , 2001.
